000 00610nam a2200217Ia 4500
003 OSt
005 20220926044949.0
006 a|||||r|||| 00| 0
007 ta
008 220923b |||||||| |||| 00| 0 eng d
037 _cGeneral Book
040 _aRTL
_cRTL
_beng
041 _2eng
_aeng
082 _aX9(F182)n42,N, K6
110 _aJAPAN IRON AND STEEL FEDERATION.
245 0 _aStatistics of the Iron and Steel Industry of japan for 1966
260 _c1966
700 _aJAPAN IRON AND STEEL FEDERATION.
942 _hX9(F182)n42,N, K6
_cGB
_2CC
999 _c676287
_d676287